Expressanagrammes (click quiz) - Statistiques

Statistiques générales
  • Ce quiz a été pris 20 fois
    5 depuis la dernière actualisation
  • Le résultat moyen est 3 sur 8
Statistiques - réponses
Hint Réponse % Correct
Déféquer Clouer nu bornez
100%
Donner un baiser appuyé Ourler nu pinta
67%
Projeter hors de soi avec force une sécrétion Barnacle al cause
33%
Réunion entre 2 hommes et 2 femmes Pirate créera
33%
Ennuyer quelqu'un de façon persistante Sacres sel inox
33%
Faire des folies de son corps Trier as camper
33%
Contrôler le gouvernail Inter al arbre
0%
Organes génitaux masculins Viscère rosit épices
0%
Aucun quiz correspondant
Distribution des résultats
% des personnes avec chaque résultat
Percentile par nombre de réponses
Votre historique - résultats
Vous n’avez pas pris ce quiz depuis la dernière actualisation